[Event "Playing against strong people (1)"]
[Site "SchemingMind.com"]
[Date "2009.12.16"]
[Round "-"]
[White "BlueMooner"]
[Black "somar96"]
[Result "1-0"]
[WhiteCountry "ENG"]
[BlackCountry "POL"]
[WhiteElo "1789"]
[WhiteRD "104"]
[BlackElo "1863"]
[BlackRD "57"]
[GameID "231354"]

1. e4 c5 2. Nf3 Nc6 3. d4 cxd4 4. Nxd4 g6 5. Nc3 Bg7 6. Be3 Nf6 7. Bc4 O-O 8. Bb3 d6 9. f3 Bd7 10. Qd2 Nxd4
11. Bxd4 b5 12. h4 a5 13. a4 bxa4 14. Nxa4 Rb8 15. h5 Qc7 16. hxg6 hxg6 17. Nc3 Be6 18. Nd5 Bxd5 19. exd5 Rb4 20. Qc3 Qxc3+
21. Bxc3 Nd7 22. Bxb4 axb4 23. Ra2 Nc5 24. Bc4 Bd4 25. Kd2 Kg7 26. Kc1 Rc8 27. Ra5 Kf6 28. Rb5 b3 29. c3 Be3+ 30. Kd1 Ra8
31. Ke2 Bf4 32. Bxb3 Ra7 33. Bc2 Ra2 34. Rb4 Ke5 35. Rh7 e6 36. Rxf7 g5 37. dxe6 Kxe6 38. Rh7 Ra1 39. Rh6+ Ke7 40. Rb8 Ra2
41. Bb1 Ra1 42. Bf5 Rg1 43. Kf2 Rd1 44. g3 Be5 45. b4 Nb3 46. Re6+ Kf7 47. Rb7+ Kf8 48. Bg6 Rd2+ 49. Kg1 Rd1+ 50. Kh2 Rd2+
51. Kh3 Rh2+ 52. Kxh2 Bxg3+ 53. Kxg3 Nc5 54. Re8#
1-0

[Event "Playing against strong people (1)"]
[Site "SchemingMind.com"]
[Date "2009.12.16"]
[Round "-"]
[White "somar96"]
[Black "BlueMooner"]
[Result "1-0"]
[WhiteCountry "POL"]
[BlackCountry "ENG"]
[WhiteElo "1863"]
[WhiteRD "57"]
[BlackElo "1789"]
[BlackRD "104"]
[GameID "231355"]

1. e4 c5 2. Nf3 Nc6 3. d4 cxd4 4. Nxd4 Nf6 5. Nc3 e5 6. Ndb5 d6 7. a4 a6 8. Na3 Bg4 9. Be2 Bxe2 10. Qxe2 d5
11. Bg5 d4 12. Bxf6 Qxf6 13. Nd5 Qd8 14. O-O Bc5 15. Nc4 O-O 16. a5 f5 17. Kh1 Qh4 18. exf5 Rad8 19. Ndb6 Rxf5 20. Nd2 d3
21. cxd3 Rxf2 22. Rxf2 Qxf2 23. Qxf2 Bxf2 24. Ne4 Bxb6 25. axb6 Rxd3 26. Nc5 Rd2 27. Nxb7 Rxb2 28. Nc5 Rxb6 29. Nxa6 Rb2 30. Nc5 Nb4
31. h3 Rc2 32. Ne4 Nd3 33. Ra8+ Kf7 34. Ra7+ Kg6 35. Kg1 h5 36. Ra6+ Kf5 37. Ng3+ Kg5 38. Ne4+ Kf4 39. Ra4 Rc1+ 40. Kh2 Ke3
41. Ng3 g6 42. Re4+ Kd2 43. Re2+ Kc3 44. Ne4+ Kd4 45. Ng5 Re1 46. Nf3+
1-0

[Event "Playing against strong people (1)"]
[Site "SchemingMind.com"]
[Date "2010.01.01"]
[Round "-"]
[White "Schaakmaatje"]
[Black "BlueMooner"]
[Result "0-1"]
[WhiteCountry "NED"]
[BlackCountry "ENG"]
[WhiteElo "1715"]
[WhiteRD "50"]
[BlackElo "1789"]
[BlackRD "104"]
[GameID "232637"]

1. d4 Nf6 2. Nf3 g6 3. Nc3 d5 4. Bf4 Bg7 5. e3 O-O 6. h3 c5 7. Be2 Nc6 8. O-O Ne4 9. Nb5 a6 10. Nc7 Ra7
11. c4 e5 12. Nxe5 Nxe5 13. Nxd5 cxd4 14. exd4 Nc6 15. Bc7 Qh4 16. Bb6 Ra8 17. Qd3 Bf5 18. Bg4 Nxf2
0-1

[Event "Playing against strong people (1)"]
[Site "SchemingMind.com"]
[Date "2010.01.01"]
[Round "-"]
[White "Schaakmaatje"]
[Black "somar96"]
[Result "0-1"]
[WhiteCountry "NED"]
[BlackCountry "POL"]
[WhiteElo "1715"]
[WhiteRD "50"]
[BlackElo "1863"]
[BlackRD "57"]
[GameID "232638"]

1. d4 Nf6 2. c4 g6 3. Nc3 d5 4. Nf3 Bg7 5. cxd5 Nxd5 6. e4 Nxc3 7. bxc3 O-O 8. Ba3 Bg4 9. Be2 Nd7 10. O-O Rc8
11. Rb1 b6 12. h3 Bxf3 13. Bxf3 c5 14. e5 e6 15. g3 Qc7 16. Bg2 Rfd8 17. Qe2 cxd4 18. cxd4 Nb8 19. Rbc1 Qd7 20. Bd6 Nc6
21. Qe4 Ne7 22. f4 Nd5 23. g4 Bf8 24. Bxf8 Rxf8 25. f5 Rxc1 26. Rxc1 Rc8 27. Rxc8+ Qxc8 28. Qb1 Qc4 29. Qb2 Ne3 30. Qd2 Nxg2
31. Kxg2 Qd5+ 32. Kg3 exf5 33. gxf5 gxf5 34. Qg5+ Kf8 35. Qxf5 Qxd4 36. Qf6 Qe3+ 37. Kg4 Qe4+ 38. Kg3 Qg6+ 39. Kf4 Qxf6+ 40. exf6 Ke8
41. Kg5 Kf8 42. Kf5 Ke8 43. Ke5 Kd7 44. Kd5 a6 45. h4 h5 46. a3 Kc7 47. a4 Kd7
0-1

[Event "Playing against strong people (1)"]
[Site "SchemingMind.com"]
[Date "2010.01.01"]
[Round "-"]
[White "BlueMooner"]
[Black "Schaakmaatje"]
[Result "1-0"]
[WhiteCountry "ENG"]
[BlackCountry "NED"]
[WhiteElo "1815"]
[WhiteRD "93"]
[BlackElo "1724"]
[BlackRD "49"]
[GameID "232639"]

1. e4 e5 2. Nf3 Nc6 3. Bb5 a6 4. Ba4 Bc5 5. c3 Nf6 6. Qe2 b5 7. Bb3 Bb7 8. d3 O-O 9. Bg5 h6 10. Bh4 Be7
11. Nbd2 d6 12. Nf1 Nh7 13. Bxe7 Qxe7 14. Ne3 Bc8 15. Nd5 Qd8 16. g3 Ne7 17. O-O c6 18. Ne3 Kh8 19. Nh4 Ng5 20. f4 exf4
21. gxf4 Nh3+ 22. Kh1 Ng6 23. Nxg6+ fxg6 24. f5 gxf5 25. Nxf5= Bxf5 26. Rxf5 Rxf5 27. exf5 d5 28. Qg2 Qh4 29. Rf1 Rf8 30. Qg3 Qh5
31. Bd1
1-0

[Event "Playing against strong people (1)"]
[Site "SchemingMind.com"]
[Date "2010.01.01"]
[Round "-"]
[White "somar96"]
[Black "Schaakmaatje"]
[Result "1-0"]
[WhiteCountry "POL"]
[BlackCountry "NED"]
[WhiteElo "1896"]
[WhiteRD "57"]
[BlackElo "1676"]
[BlackRD "50"]
[GameID "232640"]

1. e4 d6 2. d4 g6 3. Nc3 Bg7 4. f4 Nc6 5. Nf3 Bg4 6. Be3 Nf6 7. Bd3 O-O 8. O-O h6 9. h3 Bxf3 10. Qxf3 e5
11. fxe5 dxe5 12. d5 Nb4 13. Rad1 Nxd3 14. Rxd3 a6 15. g4 Nh7 16. Ne2 Qe7 17. c4 Ng5 18. Qg2 Rad8 19. h4 Ne6 20. Rfd1 Nc5
21. R3d2 Nd7 22. g5 h5 23. Rf1 b5 24. cxb5 axb5 25. Rc1 Rc8 26. Rc6 Nb8 27. Rc1 Qd7 28. b4 c6 29. dxc6
1-0

[Event "Playing against strong people (1)"]
[Site "SchemingMind.com"]
[Date "2010.01.09"]
[Round "-"]
[White "klesley"]
[Black "BlueMooner"]
[Result "0-1"]
[WhiteCountry "USA"]
[BlackCountry "ENG"]
[WhiteElo "1669"]
[WhiteRD "82"]
[BlackElo "1815"]
[BlackRD "93"]
[GameID "234039"]

1. d4 Nf6 2. c4 c5 3. d5 b5 4. Nf3 Bb7 5. a4 Qa5+ 6. Nc3 b4 7. Na2 e6 8. dxe6 dxe6 9. b3 Be7 10. g3 O-O
11. Bb2 Rd8 12. Qc2 Be4 13. Qc1 Nc6 14. Bg2 Nd4 15. Bxd4 cxd4 16. O-O d3 17. exd3 Rxd3 18. Nd2 Bxg2 19. Kxg2 Rad8 20. Rd1 Ne4
21. Nxe4 Rxd1 22. Qb2 Rxa1 23. Qxa1 f5 24. Qb1 fxe4 25. Qxe4 Qf5 26. Qb7 Rd2 27. Qxe7 Qxf2+ 28. Kh3 Qf5+ 29. g4 Qf3+ 30. Kh4 Rxh2+
0-1

[Event "Playing against strong people (1)"]
[Site "SchemingMind.com"]
[Date "2010.01.08"]
[Round "-"]
[White "klesley"]
[Black "Schaakmaatje"]
[Result "0-1"]
[WhiteCountry "USA"]
[BlackCountry "NED"]
[WhiteElo "1706"]
[WhiteRD "81"]
[BlackElo "1715"]
[BlackRD "50"]
[GameID "234040"]

1. d4 d5 2. c4 c6 3. Nc3 Nf6 4. e3 Nbd7 5. Nf3 e6 6. Qc2 Bb4 7. c5 O-O 8. a3 Ba5 9. b4 Bc7 10. Bd3 e5
11. dxe5 Nxe5 12. Nxe5 Bxe5 13. Bb2 Bg4 14. h3 Be6 15. f4 Bc7 16. g4 d4 17. exd4 Qxd4 18. Ne4 Qe3+
0-1

[Event "Playing against strong people (1)"]
[Site "SchemingMind.com"]
[Date "2010.01.08"]
[Round "-"]
[White "klesley"]
[Black "somar96"]
[Result "0-1"]
[WhiteCountry "USA"]
[BlackCountry "POL"]
[WhiteElo "1706"]
[WhiteRD "81"]
[BlackElo "1863"]
[BlackRD "57"]
[GameID "234041"]

1. d4 Nf6 2. c4 g6 3. g3 Bg7 4. Bg2 O-O 5. Nc3 c6 6. Nf3 d5 7. cxd5 cxd5 8. Ne5 Nc6 9. Nxc6 bxc6 10. O-O Rb8
11. a3 Bf5 12. b4 Nd7 13. e4 dxe4 14. Nxe4 Bxe4 15. Bxe4 Qc7 16. Bf4 e5 17. dxe5 Nxe5 18. Rc1 Rfd8 19. Bxe5 Qxe5 20. Qf3 Rd2
21. Rxc6 Rbd8 22. Ra6 R8d7 23. Bc6 Rc7 24. b5 Qc5 25. Qf4 Qd6 26. Qxd6 Rxd6 27. Re1 Bd4 28. Re8+ Kg7 29. a4 Rf6 30. Re2 h5
31. Rd2 Bc5 32. Rd5 Bxf2+ 33. Kg2 Be3 34. Kh3 Rf2
0-1

[Event "Playing against strong people (1)"]
[Site "SchemingMind.com"]
[Date "2010.01.09"]
[Round "-"]
[White "BlueMooner"]
[Black "klesley"]
[Result "1/2-1/2"]
[WhiteCountry "ENG"]
[BlackCountry "USA"]
[WhiteElo "1899"]
[WhiteRD "91"]
[BlackElo "1698"]
[BlackRD "85"]
[GameID "234042"]

1. d4 Nf6 2. c4 e6 3. Nc3 Bb4 4. Qc2 O-O 5. a3 Bxc3+ 6. Qxc3 b6 7. Bg5 Bb7 8. e3 d6 9. Ne2 h6 10. Bh4 g5
11. Bg3 Ne4 12. Qc2 f5 13. f3 Nxg3 14. hxg3 Kg7 15. Nc3 Nd7 16. Bd3 g4 17. Qe2 Kf7 18. Rxh6 Rh8 19. Rxh8 Qxh8 20. O-O-O gxf3
21. gxf3 Rg8 22. Qf2 Qh3 23. Ne2 c5 24. Rf1 cxd4 25. exd4 Ke7 26. Kb1 d5 27. Nf4 Qxg3 28. Qxg3 Rxg3 29. cxd5 e5 30. dxe5 Nxe5
31. Bxf5= Nxf3 32. Kc1 Nd4 33. Be4= Kd6 34. Bh1 Rg5 35. Ne6 Nxe6= 36. dxe6 Bxh1=
1/2-1/2

[Event "Playing against strong people (1)"]
[Site "SchemingMind.com"]
[Date "2010.01.08"]
[Round "-"]
[White "somar96"]
[Black "klesley"]
[Result "1-0"]
[WhiteCountry "POL"]
[BlackCountry "USA"]
[WhiteElo "1892"]
[WhiteRD "62"]
[BlackElo "1669"]
[BlackRD "82"]
[GameID "234044"]

1. e4 c5 2. Nf3 e6 3. d4 cxd4 4. Nxd4 Nf6 5. Nc3 d6 6. g4 h6 7. Be3 e5 8. Nf5 g6 9. Ng3 Nxg4 10. Qd2 Be7
11. Nd5 O-O 12. O-O-O Nxe3 13. Nxe3 Nc6 14. h4 Nd4 15. Be2 Nxe2+ 16. Qxe2 Be6 17. h5 Kg7 18. Rdg1 g5 19. Ngf5+ Bxf5 20. Nxf5+ Kh7
21. Rd1 a5 22. Qd3 Ra6 23. Kb1 Qc7 24. Qd5 Rc6 25. c3 Rc5 26. Qd3 b5 27. Ne3 Rb8 28. Nd5 Qd7 29. Qf3 Rf8 30. Rhg1 f5
31. exf5 Rxf5 32. Qe4 Rc4 33. Qd3 e4 34. Qe2 Re5 35. f4 gxf4 36. Nxf4 Qf5 37. Ng6
1-0

[Event "Playing against strong people (1)"]
[Site "SchemingMind.com"]
[Date "2010.01.10"]
[Round "-"]
[White "Mr Pawn"]
[Black "klesley"]
[Result "1-0"]
[WhiteCountry "IND"]
[BlackCountry "USA"]
[WhiteElo "2123"]
[WhiteRD "113"]
[BlackElo "1706"]
[BlackRD "81"]
[GameID "234558"]

1. e4 c5 2. Nf3 d6 3. d4 g6 4. dxc5 Qa5+ 5. Nc3 Bg7 6. Bd2 Qxc5 7. Nd5 Be6 8. Be3 Qa5+ 9. c3 Nf6 10. Bc4 Nxe4
11. Qb3 O-O 12. Nxe7+ Kh8 13. Bxe6 fxe6 14. Qxb7 Na6 15. Nc6 Nac5 16. Qxg7+ Kxg7 17. Nxa5 Nd3+ 18. Ke2 Nxb2 19. Nd4 Rf6 20. c4 Rc8
21. f3 Nc3+ 22. Kd2 Nxc4+ 23. Nxc4 Rxc4 24. Rhc1 e5 25. Rxc3 exd4 26. Rxc4
1-0

[Event "Playing against strong people (1)"]
[Site "SchemingMind.com"]
[Date "2010.01.10"]
[Round "-"]
[White "Mr Pawn"]
[Black "BlueMooner"]
[Result "1-0"]
[WhiteCountry "IND"]
[BlackCountry "ENG"]
[WhiteElo "2157"]
[WhiteRD "101"]
[BlackElo "1815"]
[BlackRD "93"]
[GameID "234559"]

1. e4 c5 2. c3 d5 3. exd5 Qxd5 4. d4 Nc6 5. Nf3 Bg4 6. Be2 cxd4 7. cxd4 e6 8. O-O Nf6 9. Nc3 Qa5 10. h3 Bh5
11. Be3 Bd6 12. a3 O-O 13. b4 Qd8 14. Qb3 a6 15. Rfd1 Ne7 16. Bg5 Nfd5 17. Nxd5 exd5 18. Bxe7 Qxe7 19. Qxd5 Bg6 20. Bd3 Rfd8
21. Qb3 Bh5 22. Re1 Qf6 23. Be4 Rab8 24. Ne5 Bc7 25. Bxh7+ Kxh7 26. Qc2+ Kg8 27. Qxc7 Qf4 28. g4 Rdc8 29. Qb6 Rc2 30. d5 Re8
31. Nd3 Rxe1+ 32. Rxe1 Qg5 33. Re8+ Kh7 34. Re5 Qg6 35. Rxh5+ Kg8 36. Qd8#
1-0

[Event "Playing against strong people (1)"]
[Site "SchemingMind.com"]
[Date "2010.01.14"]
[Round "-"]
[White "Mr Pawn"]
[Black "Schaakmaatje"]
[Result "1-0"]
[WhiteCountry "IND"]
[BlackCountry "NED"]
[WhiteElo "2077"]
[WhiteRD "131"]
[BlackElo "1676"]
[BlackRD "50"]
[GameID "234560"]

1. e4 e5 2. f4 exf4 3. Nf3 d5 4. exd5 Nf6 5. Bc4 Nxd5 6. O-O Bg4 7. Qe2+ Be7 8. Nc3 c6 9. d4 O-O 10. Qe4 Nd7
11. Bxd5 Bxf3 12. Qxf3 cxd5 13. Bxf4 Nf6 14. Rae1 Bb4 15. Bg5
1-0

[Event "Playing against strong people (1)"]
[Site "SchemingMind.com"]
[Date "2010.01.10"]
[Round "-"]
[White "Mr Pawn"]
[Black "somar96"]
[Result "1-0"]
[WhiteCountry "IND"]
[BlackCountry "POL"]
[WhiteElo "2077"]
[WhiteRD "131"]
[BlackElo "1896"]
[BlackRD "57"]
[GameID "234561"]

1. e4 c5 2. Nf3 e6 3. d4 cxd4 4. Nxd4 a6 5. Nc3 b5 6. a3 Bb7 7. Be3 Nc6 8. f4 Qc7 9. Be2 d6 10. O-O Nf6
11. Bf3 Be7 12. Kh1 O-O 13. f5 Nxd4 14. Qxd4 Rac8 15. Rad1 Rfd8 16. fxe6 fxe6 17. Rf2 Qc4 18. Qb6 Qc6 19. e5 Qxb6 20. Bxb6 Bxf3
21. Rxf3 dxe5 22. Bxd8 Bxd8 23. Rd6 e4 24. Re3 Kf7 25. Rxa6 Be7 26. Ra7 Rc4 27. Rb7 Nd5 28. Rxe4 Nxc3 29. Rxc4 bxc4 30. bxc3 Kf6
31. a4 Bc5 32. a5 Be3 33. a6 Kf5 34. Rxg7 h5 35. Rc7 e5 36. Rxc4 e4 37. Rd4 Bxd4 38. cxd4 e3 39. Kg1 Ke4 40. Kf1 Kxd4
41. Ke2 Kc3 42. a7
1-0

[Event "Playing against strong people (1)"]
[Site "SchemingMind.com"]
[Date "2010.01.10"]
[Round "-"]
[White "klesley"]
[Black "Mr Pawn"]
[Result "0-1"]
[WhiteCountry "USA"]
[BlackCountry "IND"]
[WhiteElo "1669"]
[WhiteRD "82"]
[BlackElo "2157"]
[BlackRD "101"]
[GameID "234562"]

1. d4 Nf6 2. c4 e6 3. Nf3 b6 4. Nc3 Bb7 5. a3 d5 6. cxd5 Nxd5 7. Qc2 Be7 8. e4 Nxc3 9. bxc3 Nd7 10. Bc4 a6
11. Bf4 b5 12. Bd3 c5 13. e5 cxd4 14. cxd4 g5 15. Be3 g4 16. Nd2 Rc8 17. Qb1 Bxg2 18. Rg1 Bd5 19. Rxg4 Qa5 20. Bxh7 Qc3
21. Rg8+ Rxg8 22. Bxg8 Bxa3 23. h4 Nb6 24. h5 Nc4 25. Ke2 Nxd2 26. Bxd2 Bc4+ 27. Ke1 Qf3
0-1

[Event "Playing against strong people (1)"]
[Site "SchemingMind.com"]
[Date "2010.01.10"]
[Round "-"]
[White "BlueMooner"]
[Black "Mr Pawn"]
[Result "0-1"]
[WhiteCountry "ENG"]
[BlackCountry "IND"]
[WhiteElo "1815"]
[WhiteRD "93"]
[BlackElo "2157"]
[BlackRD "101"]
[GameID "234563"]

1. e4 c5 2. Nf3 d6 3. d4 cxd4 4. Nxd4 a6 5. Nc3 Nf6 6. Be3 e6 7. Qd2 Bd7 8. f3 Be7 9. g4 b5 10. g5 Nh5
11. Nce2 e5 12. Nf5 Bxf5 13. exf5 d5 14. c3 Nc6 15. h4 d4 16. Bf2 Qa5 17. Bg2 Rd8 18. O-O d3 19. Ng3 Nf4 20. Ne4 h6
21. g6 fxg6 22. fxg6 O-O 23. Nc5 Bxc5 24. Bxc5 Rf6 25. h5 Nd4 26. Be7 Nde2+ 27. Kh2 Rf5 28. Bxd8 Rxh5+ 29. Bh3 Rxh3#
0-1

[Event "Playing against strong people (1)"]
[Site "SchemingMind.com"]
[Date "2010.01.14"]
[Round "-"]
[White "Schaakmaatje"]
[Black "Mr Pawn"]
[Result "0-1"]
[WhiteCountry "NED"]
[BlackCountry "IND"]
[WhiteElo "1676"]
[WhiteRD "50"]
[BlackElo "2077"]
[BlackRD "131"]
[GameID "234564"]

1. d4 Nf6 2. Nf3 d5 3. Bf4 Nbd7 4. e3 e6 5. c4 c6 6. Nc3 Be7 7. b3 O-O 8. Be2 Bb4 9. Qd3 Ne4 10. Rc1 Qa5
0-1

[Event "Playing against strong people (1)"]
[Site "SchemingMind.com"]
[Date "2010.01.10"]
[Round "-"]
[White "somar96"]
[Black "Mr Pawn"]
[Result "0-1"]
[WhiteCountry "POL"]
[BlackCountry "IND"]
[WhiteElo "1863"]
[WhiteRD "57"]
[BlackElo "2123"]
[BlackRD "113"]
[GameID "234565"]

1. e4 e5 2. Nf3 Nc6 3. Bb5 a6 4. Bxc6 dxc6 5. d3 Bd6 6. O-O Qf6 7. h3 Be6 8. Be3 h6 9. Nbd2 Qg6 10. Kh1 Qh5
11. Nh2 Nf6 12. Qxh5 Nxh5 13. Nc4 Bxc4 14. dxc4 Nf6 15. f3 O-O-O 16. Rfd1 Nd7 17. b3 g6 18. Ng4 h5 19. Nf2 Bc5 20. Bxc5 Nxc5
21. Kg1 Rd6 22. Kf1 Rhd8 23. Ke2 Ne6 24. c3 Nf4+ 25. Kf1 Rd2 26. Rxd2 Rxd2 27. g3 Ne2 28. Rd1 Rxa2 29. g4 Nxc3 30. Rd3 Ne2
31. gxh5 Ng3+ 32. Kg2 Nxh5 33. Rd1 Rb2 34. h4 Rxb3 35. Ng4 Rb2+ 36. Kg1 f6 37. c5 a5 38. Nh6 b5 39. cxb6 cxb6 40. Nf7 Kc7
41. Rd8 a4 42. Ra8 b5 43. Nh8 Nf4 44. Ra7+ Kb6 45. Ra8 b4 46. Nf7 a3 47. Nd6 Kc5 48. Nb7+ Kb6 49. Nd6 Rg2+ 50. Kf1 a2
51. Nc4+ Kc5 52. Ne3 b3 53. Ra5+ Kb4 54. Ra8 b2 55. Rb8+ Kc5 56. Nxg2 b1=Q+ 57. Rxb1 axb1=Q+ 58. Kf2 Qc2+ 59. Kf1 Qxg2+ 60. Ke1 Qe2#
0-1

[Event "Playing against strong people (1)"]
[Site "SchemingMind.com"]
[Date "2010.01.12"]
[Round "-"]
[White "fleskarn"]
[Black "klesley"]
[Result "0-1"]
[WhiteCountry "SWE"]
[BlackCountry "USA"]
[WhiteElo "1707"]
[WhiteRD "71"]
[BlackElo "1698"]
[BlackRD "85"]
[GameID "234745"]

1. c4 c6 2. Nc3 d5 3. cxd5 cxd5 4. d4 Nf6 5. Bf4 Nc6 6. e3 Bf5 7. Qb3 Na5 8. Bb5+ Bd7 9. Qa4 b6 10. Bxd7+ Qxd7
11. Qxd7+ Nxd7 12. Nxd5 Rc8 13. Nc7+ Kd8 14. Rc1 h6 15. Nf3 Nb7 16. O-O Nd6 17. Bxd6 exd6 18. Nd5 Rxc1 19. Rxc1 Be7 20. Kf1 Nf6
21. Nxe7 Kxe7 22. Rc7+ Nd7 23. b4 Ra8 24. a4 a5 25. b5 f6 26. g4 Rf8 27. Nh4 Ke6 28. Ng6 Rb8 29. f4 f5 30. gxf5+ Kxf5
0-1

[Event "Playing against strong people (1)"]
[Site "SchemingMind.com"]
[Date "2010.01.12"]
[Round "-"]
[White "fleskarn"]
[Black "BlueMooner"]
[Result "1-0"]
[WhiteCountry "SWE"]
[BlackCountry "ENG"]
[WhiteElo "1787"]
[WhiteRD "74"]
[BlackElo "1815"]
[BlackRD "93"]
[GameID "234746"]

1. c4 c5 2. Nc3 Nc6 3. g3 g6 4. Nf3 Bg7 5. Bg2 e5 6. O-O Nge7 7. d3 O-O 8. a3 d6 9. Rb1 a5 10. Be3 h6
11. Qd2 Kh7 12. Nd5 Nxd5 13. cxd5 Ne7 14. b4 cxb4 15. axb4 axb4 16. Ne1 Nf5 17. Qxb4 Nxe3 18. fxe3 f5= 19. e4 Qc7 20. Nf3 Ra2
21. exf5 Rxf5 22. Qe4 Rf8 23. Nh4 Bf5 24. Nxf5 gxf5 25. Rxf5 Rxf5 26. Qxf5+ Kh8 27. Be4 Kg8 28. Qh7+ Kf8 29. Rf1+ Ke8 30. Qg8+
1-0

[Event "Playing against strong people (1)"]
[Site "SchemingMind.com"]
[Date "2010.01.16"]
[Round "-"]
[White "fleskarn"]
[Black "Schaakmaatje"]
[Result "0-1"]
[WhiteCountry "SWE"]
[BlackCountry "NED"]
[WhiteElo "1787"]
[WhiteRD "74"]
[BlackElo "1724"]
[BlackRD "49"]
[GameID "234747"]

1. c4 Nf6 2. d4 e6 3. Nc3 Bb4 4. e3 O-O 5. Bd3 d5 6. a4 a6 7. Qc2 c5 8. Ne2 Nc6 9. dxc5 Bxc5 10. cxd5 Nb4
11. Qb1 Nxd3+ 12. Kf1 Nxc1 13. Qxc1 Nxd5 14. Ne4 Be7 15. g3 e5 16. Kg2 Bf5 17. N2c3 Bb4 18. Rd1 Qd7 19. Nf6+ gxf6 20. e4 Bxc3
21. exf5 Bd4 22. Qc4 b5 23. Qd3 Ne7 24. Qf3 Qd5
0-1

[Event "Playing against strong people (1)"]
[Site "SchemingMind.com"]
[Date "2010.01.12"]
[Round "-"]
[White "fleskarn"]
[Black "somar96"]
[Result "1-0"]
[WhiteCountry "SWE"]
[BlackCountry "POL"]
[WhiteElo "1707"]
[WhiteRD "71"]
[BlackElo "1781"]
[BlackRD "65"]
[GameID "234748"]

1. c4 c5 2. Nc3 Nc6 3. g3 g6 4. Bg2 Bg7 5. Nf3 e6 6. O-O Nge7 7. d3 O-O 8. e4 d5 9. a3 dxc4 10. dxc4 Nd4
11. Nxd4 cxd4 12. Ne2 e5 13. h3 Be6 14. Qd3 a5 15. Bd2 Nc6 16. b4 axb4 17. axb4 Rxa1 18. Rxa1 Qc7 19. Bf1 f5 20. b5 Ne7
21. Rc1 Qc5 22. Qb1 fxe4 23. Bb4 Qc7 24. Qxe4 Bf5 25. Qh4 Bf6 26. Qh6 d3 27. Nd4 exd4 28. Qd2 Rf7 29. Bxd3 Bxd3 30. Qxd3 Kg7
31. h4 Nf5 32. h5 Qe5 33. Re1 Qc7 34. Re6 Rd7 35. b6 Qd8 36. g4 Nh6 37. g5 Bxg5 38. hxg6 Bf6 39. gxh7 Rf7 40. Rd6 Qh8
41. Bc5 Qxh7 42. Qxh7+ Kxh7 43. Bxd4 Bxd4 44. Rxd4 Nf5 45. Rd8 Kg7 46. Rc8 Kf6 47. Rc7 Rxc7 48. bxc7 Ne7 49. Kg2 Ke6 50. f4 Kd7
51. c8=B+ Nxc8 52. Kf3 Nb6 53. Ke4 Nxc4 54. Kd4
1-0

[Event "Playing against strong people (1)"]
[Site "SchemingMind.com"]
[Date "2010.01.12"]
[Round "-"]
[White "fleskarn"]
[Black "Mr Pawn"]
[Result "0-1"]
[WhiteCountry "SWE"]
[BlackCountry "IND"]
[WhiteElo "1822"]
[WhiteRD "72"]
[BlackElo "1998"]
[BlackRD "155"]
[GameID "234749"]

1. c4 Nf6 2. Nc3 e6 3. Nf3 d5 4. cxd5 Nxd5 5. e4 Nxc3 6. bxc3 Be7 7. d4 O-O 8. Be3 b6 9. Qc2 c5 10. Rd1 cxd4
11. cxd4 Bb4+ 12. Nd2 Bb7 13. Bc4 Qh4 14. O-O Bxd2 15. Rxd2 Qxe4 16. Qxe4 Bxe4 17. f4 Rc8 18. a4 Rxc4
0-1

[Event "Playing against strong people (1)"]
[Site "SchemingMind.com"]
[Date "2010.01.12"]
[Round "-"]
[White "klesley"]
[Black "fleskarn"]
[Result "0-1"]
[WhiteCountry "USA"]
[BlackCountry "SWE"]
[WhiteElo "1669"]
[WhiteRD "82"]
[BlackElo "1787"]
[BlackRD "74"]
[GameID "234750"]

1. d4 Nf6 2. c4 g6 3. g3 d5 4. cxd5 Qxd5 5. Nf3 Bg4 6. Bg2 Qh5 7. h3 Be6 8. Ne5 Bd5 9. Qa4+ c6 10. g4 Qh4
11. Nf3 Bxf3 12. Bxf3 Bh6 13. Bxh6 Qxh6 14. e3 O-O 15. Nc3 Nbd7 16. h4 Qg7 17. g5 Ne8 18. Bxc6 Nb6 19. Qb4 bxc6 20. Qxe7 f5
21. Qe6+ Qf7 22. Qxc6 Rc8 23. Qb5 Nd6 24. Qb3 Ndc4 25. a4 f4 26. O-O Qf5 27. Qb5 Qg4+ 28. Kh2 f3 29. Rfc1 Qg2#
0-1

[Event "Playing against strong people (1)"]
[Site "SchemingMind.com"]
[Date "2010.01.12"]
[Round "-"]
[White "BlueMooner"]
[Black "fleskarn"]
[Result "1-0"]
[WhiteCountry "ENG"]
[BlackCountry "SWE"]
[WhiteElo "1899"]
[WhiteRD "91"]
[BlackElo "1707"]
[BlackRD "71"]
[GameID "234751"]

1. e4 c5 2. Nf3 d6 3. d4 cxd4 4. Nxd4 Nf6 5. Nc3 a6 6. Be3 e6 7. Qd2 Be7 8. f3 b5 9. g4 Bb7 10. O-O-O Nc6
11. g5 b4 12. Nce2 Nd7 13. h4 Qa5 14. Kb1 Nb6 15. Nc1 O-O 16. Ncb3 Qa4 17. Be2 Nxd4 18. Nxd4 Nd7 19. h5 d5 20. g6 Rfd8
21. gxh7+ Kh8 22. Bg5 b3 23. axb3 Qb4 24. h6 g6 25. Qxb4 Bxb4 26. Bxd8 Rxd8 27. Bxa6 Bxa6 28. Nc6 Be2 29. Nxd8 f6 30. exd5
1-0

[Event "Playing against strong people (1)"]
[Site "SchemingMind.com"]
[Date "2010.01.16"]
[Round "-"]
[White "Schaakmaatje"]
[Black "fleskarn"]
[Result "1-0"]
[WhiteCountry "NED"]
[BlackCountry "SWE"]
[WhiteElo "1762"]
[WhiteRD "46"]
[BlackElo "1707"]
[BlackRD "71"]
[GameID "234752"]

1. d4 Nf6 2. Bg5 d5 3. c3 Ne4 4. Bh4 Bf5 5. f3 Nd6 6. g4 Bxb1 7. Rxb1 Nc6 8. Nh3 f6 9. Bg3 Nc4 10. Qd3 e5
11. e3 Bd6 12. Be2 O-O 13. O-O e4 14. fxe4 Bxg3 15. hxg3 Nb6 16. Nf4 dxe4 17. Qxe4 Re8 18. Qf3 Qe7 19. Nd5 Nxd5 20. Qxd5+ Kh8
21. Rf3 Rad8 22. Qb5 Qe4 23. Qd3 Qxg4 24. Kg2 Ne5 25. Rff1 Nxd3 26. Bxg4 Rxe3 27. Rh1 Rde8 28. Bf3 g5 29. b3 Rxf3 30. Kxf3 g4+
31. Kxg4 Nf2+ 32. Kf5 Nxh1 33. Rxh1 Kg7 34. g4
1-0

[Event "Playing against strong people (1)"]
[Site "SchemingMind.com"]
[Date "2010.01.12"]
[Round "-"]
[White "somar96"]
[Black "fleskarn"]
[Result "1-0"]
[WhiteCountry "POL"]
[BlackCountry "SWE"]
[WhiteElo "1863"]
[WhiteRD "57"]
[BlackElo "1791"]
[BlackRD "72"]
[GameID "234753"]

1. e4 e5 2. Nf3 d5 3. exd5 e4 4. Qe2 Qe7 5. Nd4 Nf6 6. Nc3 c5 7. dxc6 bxc6 8. d3 Bg4 9. f3 exf3 10. Qxe7+ Bxe7
11. Nxf3 O-O 12. Be2 Re8 13. O-O Bc5+ 14. Kh1 Nbd7 15. h3 Ne5 16. hxg4 Nexg4 17. d4 Bb4 18. Bd3 Nh5 19. Kg1 Re7 20. a3 Bd6
21. Bg5 f6 22. Bh4 Rae8 23. Rae1 g5 24. Rxe7 Rxe7 25. Bf2 Nxf2 26. Rxf2 Ng3 27. Ne2 h5 28. Nxg3 Bxg3 29. Re2 Rxe2 30. Bxe2 g4
31. Nd2 f5 32. Nf1 Bf4 33. b3 h4 34. Kf2 Kf7 35. Ne3 g3+ 36. Kf3 h3 37. gxh3 Bxe3 38. Kxe3 f4+ 39. Kf3 Ke6 40. c4 Kf5
41. Bd3+
1-0

[Event "Playing against strong people (1)"]
[Site "SchemingMind.com"]
[Date "2010.01.12"]
[Round "-"]
[White "Mr Pawn"]
[Black "fleskarn"]
[Result "1-0"]
[WhiteCountry "IND"]
[BlackCountry "SWE"]
[WhiteElo "2123"]
[WhiteRD "113"]
[BlackElo "1791"]
[BlackRD "72"]
[GameID "234754"]

1. e4 c5 2. Nf3 d6 3. d4 cxd4 4. Nxd4 a6 5. Bc4 e6 6. Nc3 Be7 7. Be3 Nf6 8. O-O b5 9. Bd3 Bd7 10. f4 b4
11. Nce2 Ng4 12. Bf2 Qb6 13. Qe1 Nxf2 14. Qxf2 Nc6 15. Nxc6 Qxf2+ 16. Rxf2 Bxc6 17. Rb1 g6 18. Nd4 Bd7 19. e5 dxe5 20. fxe5 Bc5
21. c3 Bb5 22. Rd1 bxc3 23. bxc3 Ba4 24. Rb1 O-O 25. Rb7 Rfc8 26. Rfxf7 Bxd4+ 27. cxd4 Rc1+ 28. Kf2 Rf8 29. Rxf8+ Kxf8 30. Rxh7 Bc6
31. Rc7 Ke8 32. Be4
1-0